[Event "Titled Tuesday intern op 25th Jul Late"]
[Site "Chess.com INT"]
[Date "2023.07.25"]
[Round "9"]
[White "Doluhanova, Evgeniya"]
[Black "Herrera Perez, Martin Steven"]
[Result "0-1"]
[WhiteElo "2278"]
[BlackElo "2005"]
[PlyCount "112"]
[EventDate "2023.07.25"]
[EventType "swiss (blitz)"]
[EventRounds "11"]
[EventCountry "USA"]
[SourceTitle "EXT 2024"]
[Source "ChessBase"]
[SourceDate "2023.10.10"]
[SourceVersion "1"]
[SourceVersionDate "2023.10.10"]
[SourceQuality "1"]

1. e4 c5 2. Nf3 e6 3. Nc3 a6 4. d4 cxd4 5. Nxd4 Qc7 6. a3 Nf6 7. Bd3 b5 8. Be3 Bb7 9. f4 h5 10. h3 b4 11. axb4 Bxb4 12. 0-0 Bxc3 13. bxc3 Bxe4 14. Bxe4 Nxe4 15. Nb5 Qc6 16. Nd4 Qxc3 17. Rf3 d5 18. f5 e5 19. Nb3 Qc6 20. Na5 Qd7 21. c4 d4 22. Bc1 Nf6 23. Bg5 Nc6 24. Nb3 Ne4 25. Bc1 f6 26. Qc2 Nd6 27. Nc5 Qc8 28. Ne6 Nxf5 29. Qxf5 Kf7 30. Ng5+ Kg8 31. Ne6 Nd8 32. Nxd8 Qxf5 33. Rxf5 Rxd8 34. Rxa6 Rc8 35. Ra4 Kf7 36. Kf2 Ke6 37. Rf3 Rc6 38. Bd2 Rhc8 39. Rb3 Rxc4 40. Rxc4 Rxc4 41. Rb6+ Kf5 42. Rb7 g5 43. Rb6 Rc2 44. Ke2 Ra2 45. g4+ hxg4 46. hxg4+ Kxg4 47. Rxf6 e4 48. Kd1 e3 49. Be1 d3 50. Rc6 Ra1+ 51. Rc1 Rxc1+ 52. Kxc1 d2+ 53. Bxd2 exd2+ 54. Kxd2 Kf3 55. Ke1 Kg2 56. Ke2 g4 0-1

[Event "Titled Tuesday intern op 25th Jul Early"]
[Site "Chess.com INT"]
[Date "2023.07.25"]
[Round "8"]
[White "Dyachuk, Artem"]
[Black "Herrera Perez, Martin Steven"]
[Result "1-0"]
[WhiteElo "2261"]
[BlackElo "2005"]
[PlyCount "95"]
[EventDate "2023.07.25"]
[EventType "swiss (blitz)"]
[EventRounds "11"]
[EventCountry "USA"]
[SourceTitle "EXT 2024"]
[Source "ChessBase"]
[SourceDate "2023.10.10"]
[SourceVersion "1"]
[SourceVersionDate "2023.10.10"]
[SourceQuality "1"]

1. e4 c5 2. Nf3 e6 3. d4 cxd4 4. Nxd4 a6 5. c4 Qc7 6. Nc3 Nf6 7. Be2 Be7 8. 0-0 h5 9. h3 d6 10. b3 b5 11. Bb2 b4 12. Na4 Nxe4 13. Bf3 Bb7 14. Qe2 Nf6 15. Rfe1 Nbd7 16. Rac1 Bxf3 17. Qxf3 0-0 18. Rcd1 Rfe8 19. Ne2 Nc5 20. Nxc5 dxc5 21. Nf4 h4 22. Be5 Qa5 23. Rd2 Rad8 24. Red1 Rxd2 25. Rxd2 Rd8 26. Rxd8+ Qxd8 27. Qb7 a5 28. Kh2 g5 29. Nd3 Ne8 30. Qe4 Bd6 31. f4 gxf4 32. Qxf4 Bxe5 33. Nxe5 Qc7 34. Kh1 Kf8 35. Ng6+ Kg7 36. Ne5 Kf8 37. Qh6+ Ke7 38. Qxh4+ Kf8 39. Qg3 Ke7 40. h4 Kf8 41. h5 Ke7 42. h6 f6 43. Ng6+ Kf7 44. Qxc7+ Nxc7 45. h7 Kg7 46. h8Q+ Kxg6 47. Qc8 Kf5 48. Qxc7 1-0

[Event "Titled Tuesday intern op 25th Jul Early"]
[Site "Chess.com INT"]
[Date "2023.07.25"]
[Round "4"]
[White "Goryachkina, Aleksandra"]
[Black "Herrera Perez, Martin Steven"]
[Result "0-1"]
[WhiteElo "2557"]
[BlackElo "2005"]
[PlyCount "72"]
[EventDate "2023.07.25"]
[EventType "swiss (blitz)"]
[EventRounds "11"]
[EventCountry "USA"]
[SourceTitle "EXT 2024"]
[Source "ChessBase"]
[SourceDate "2023.10.10"]
[SourceVersion "1"]
[SourceVersionDate "2023.10.10"]
[SourceQuality "1"]

1. e4 c5 2. Nf3 e6 3. d4 cxd4 4. Nxd4 a6 5. Bd3 Qc7 6. 0-0 Nf6 7. c4 Be7 8. Nc3 d6 9. Be3 Nbd7 10. Rc1 h5 11. f3 h4 12. h3 Nh5 13. Nde2 g5 14. Qd2 Rg8 15. b4 Ne5 16. Na4 Bd7 17. Nb6 Rd8 18. a4 Kf8 19. a5 Be8 20. Bb1 Rg6 21. Qb2 Kg7 22. Bd4 Bf6 23. Rfd1 Kh6 24. Qd2 Bd7 25. Qe3 Rdg8 26. c5 Bb5 27. cxd6 Qxd6 28. Bxe5 Qxe5 29. Rc5 Qb2 30. Nc4 Qxb4 31. e5 Be7 32. Rxb5 axb5 33. Nd6 f5 34. Nxb7 Nf4 35. Kh1 Qb2 36. Nd4 Qxg2# 0-1

[Event "Titled Tuesday intern op 25th Jul Late"]
[Site "Chess.com INT"]
[Date "2023.07.25"]
[Round "11"]
[White "Herrera Perez, Martin Steven"]
[Black "Nathan, Krishna"]
[Result "0-1"]
[WhiteElo "2005"]
[BlackElo "2028"]
[PlyCount "130"]
[EventDate "2023.07.25"]
[EventType "swiss (blitz)"]
[EventRounds "11"]
[EventCountry "USA"]
[SourceTitle "EXT 2024"]
[Source "ChessBase"]
[SourceDate "2023.10.10"]
[SourceVersion "1"]
[SourceVersionDate "2023.10.10"]
[SourceQuality "1"]

1. e4 c5 2. Nf3 e6 3. d4 cxd4 4. Nxd4 a6 5. Nc3 b5 6. f4 Bb7 7. Bd3 Nc6 8. Nb3 Qc7 9. Qe2 d6 10. g4 Nf6 11. g5 Nd7 12. Be3 Nc5 13. Nd2 Be7 14. Nf3 b4 15. Nd1 0-0-0 16. Nf2 a5 17. h4 d5 18. e5 g6 19. Nd4 Nxd4 20. Bxd4 Ne4 21. Qe3 Qc6 22. 0-0 h6 23. Rfc1 hxg5 24. hxg5 Nxf2 25. Qxf2 Rh3 26. Bf1 Rh7 27. c3 Rdh8 28. Bg2 b3 29. axb3 Qb5 30. c4 dxc4 31. Rxc4+ Kb8 32. Ba7+ Ka8 33. Qb6 Rh1+ 34. Bxh1 Rxh1+ 35. Kf2 Qxb6+ 36. Bxb6 Rxa1 37. Rc7 Bb4 38. f5 exf5 39. Rxf7 Rc1 40. e6 Rc2+ 41. Ke3 Bc5+ 42. Bxc5 Rxc5 43. e7 Re5+ 44. Kd4 Re4+ 45. Kc5 Re5+ 46. Kd6 Rd5+ 47. Ke6 Bc6 48. Rf8+ Kb7 49. e8Q Bxe8 50. Kxd5 Bc6+ 51. Kc5 Be4 52. Rf7+ Kc8 53. Kb6 Bc2 54. Kxa5 Bxb3 55. Kb4 Bxf7 56. Kc5 Kd7 57. Kd4 Be6 58. Ke5 Ke7 59. b4 Bc8 60. b5 Bb7 61. b6 Bc6 62. Kf4 Kd6 63. Ke3 Bb7 64. Kd4 Bc6 65. Ke3 Ke5 0-1

[Event "Titled Tuesday intern op 25th Jul Late"]
[Site "Chess.com INT"]
[Date "2023.07.25"]
[Round "7"]
[White "Herrera Perez, Martin Steven"]
[Black "Real Pereyra, Jeronimo"]
[Result "0-1"]
[WhiteElo "2005"]
[BlackElo "2172"]
[PlyCount "118"]
[EventDate "2023.07.25"]
[EventType "swiss (blitz)"]
[EventRounds "11"]
[EventCountry "USA"]
[SourceTitle "EXT 2024"]
[Source "ChessBase"]
[SourceDate "2023.10.10"]
[SourceVersion "1"]
[SourceVersionDate "2023.10.10"]
[SourceQuality "1"]

1. e4 c5 2. Nf3 d6 3. d4 cxd4 4. Nxd4 Nf6 5. Nc3 Nc6 6. f4 Qb6 7. Nb3 g6 8. Be2 Bg7 9. g4 0-0 10. g5 Nd7 11. Nd5 Qd8 12. c4 e6 13. Nc3 Nc5 14. Be3 b6 15. Nd4 Bb7 16. Ndb5 d5 17. cxd5 exd5 18. exd5 Nb4 19. 0-0 Nxd5 20. Bxc5 Nxc3 21. Nxc3 bxc5 22. Qxd8 Raxd8 23. Bf3 Bd4+ 24. Kg2 Bxf3+ 25. Kxf3 Rb8 26. Na4 Bxb2 27. Nxb2 Rxb2 28. Rfc1 Rc8 29. Rc4 Rxh2 30. a4 Rh3+ 31. Kg4 Rb3 32. Rac1 Ra3 33. f5 gxf5+ 34. Kxf5 Kg7 35. R1c2 Rd8 36. Rxc5 Rxa4 37. Rb2 Rdd4 38. Rb7 Rf4+ 39. Ke5 Rae4+ 40. Kd6 Rd4+ 41. Kc6 Rc4 42. Rxa7 Rxc5+ 43. Kxc5 Rf5+ 44. Kd4 Rxg5 45. Ke4 h5 46. Kf4 Rg6 47. Kf5 Rf6+ 48. Kg5 Rh6 49. Rb7 h4 50. Rb2 h3 51. Rh2 Rh8 52. Kf5 f6 53. Kg4 Kg6 54. Kf4 Kf7 55. Kf5 Ke7 56. Kg6 Ke6 57. Kg7 Rh4 58. Kg6 Ke5 59. Kg7 Kf4 0-1

[Event "Cucuta Region Univ Ascun"]
[Site "Cucuta"]
[Date "2016.08.31"]
[Round "2.2"]
[White "Herrera Perez, Martin Steven"]
[Black "Silva Torres, Jorge J"]
[Result "1-0"]
[WhiteElo "2005"]
[BlackElo "1788"]
[PlyCount "51"]
[EventDate "2016.08.31"]
[EventType "swiss"]
[EventRounds "6"]
[EventCountry "COL"]
[SourceTitle "EXT 2024"]
[Source "ChessBase"]
[SourceDate "2023.10.10"]
[SourceVersion "1"]
[SourceVersionDate "2023.10.10"]
[SourceQuality "1"]

1. e4 c5 2. Nf3 d6 3. d4 cxd4 4. Nxd4 Nf6 5. Nc3 a6 6. Bg5 e6 7. f4 Nbd7 8. Qf3 Qc7 9. 0-0-0 b5 10. Bd3 Bb7 11. Rhe1 b4 12. Nce2 0-0-0 13. Kb1 Kb8 14. Bh4 Rc8 15. Bf2 Nc5 16. Ng3 d5 17. e5 Nfe4 18. Bxe4 dxe4 19. Qe2 f5 20. exf6 gxf6 21. f5 e5 22. Nb3 Na4 23. Nxe4 Be7 24. Rd2 Qc4 25. Na5 Qxe2 26. Rexe2 1-0

[Event "Mosquera op"]
[Site "Mosquera"]
[Date "2014.11.03"]
[Round "9"]
[White "Herrera Perez, Martin Steven"]
[Black "Martinez, Jorge Alexander"]
[Result "1/2-1/2"]
[WhiteElo "2017"]
[BlackElo "2166"]
[PlyCount "66"]
[EventDate "2014.10.30"]
[EventType "swiss"]
[EventRounds "9"]
[EventCountry "COL"]
[SourceTitle "EXT 2015"]
[Source "ChessBase"]
[SourceDate "2014.11.20"]
[SourceVersion "1"]
[SourceVersionDate "2014.11.20"]
[SourceQuality "1"]

1. e4 c5 2. Nf3 g6 3. d4 Bg7 4. c4 cxd4 5. Nxd4 Nc6 6. Be3 Nf6 7. Nc3 d6 8. Be2 Bd7 9. 0-0 0-0 10. Qd2 Re8 11. Rac1 a6 12. Rfd1 Rc8 13. f3 Qa5 14. b3 Nxd4 15. Bxd4 Bc6 16. Nd5 Qxd2 17. Nxf6+ Bxf6 18. Rxd2 Bxd4+ 19. Rxd4 Rc7 20. Rd2 Rec8 21. Rdc2 f5 22. exf5 gxf5 23. Bd3 e6 24. Re1 Kf7 25. Rce2 Re8 26. Kf2 Kf6 27. Rd2 e5 28. Bb1 Rd7 29. Red1 Red8 30. Ke3 d5 31. cxd5 Rxd5 32. Rxd5 Rxd5 33. Rxd5 Bxd5 1/2-1/2

[Event "Mosquera op"]
[Site "Mosquera"]
[Date "2014.11.03"]
[Round "8"]
[White "Herrera Perez, Martin Steven"]
[Black "Parra, Diego Alexander"]
[Result "1-0"]
[WhiteElo "2017"]
[BlackElo "1889"]
[PlyCount "65"]
[EventDate "2014.10.30"]
[EventType "swiss"]
[EventRounds "9"]
[EventCountry "COL"]
[SourceTitle "EXT 2015"]
[Source "ChessBase"]
[SourceDate "2014.11.20"]
[SourceVersion "1"]
[SourceVersionDate "2014.11.20"]
[SourceQuality "1"]

1. e4 c5 2. Nf3 Nc6 3. d4 cxd4 4. Nxd4 g6 5. c4 Bg7 6. Be3 Nf6 7. Nc3 Ng4 8. Qxg4 Nxd4 9. Qd1 e5 10. Qd2 Qa5 11. Nb5 Qxd2+ 12. Kxd2 Nxb5 13. cxb5 b6 14. Bc4 Bb7 15. Bd5 Bxd5 16. exd5 Ke7 17. Kc2 f5 18. f3 Rhc8+ 19. Kb3 Rc7 20. Rhd1 Kd6 21. Bd2 Rac8 22. Bb4+ Rc5 23. Rac1 Bh6 24. Bxc5+ Rxc5 25. Rxc5 Kxc5 26. Kc3 Be3 27. b4+ Kxb5 28. a4+ Ka6 29. Kc4 Kb7 30. d6 a5 31. b5 f4 32. Kd5 h5 33. Kxe5 1-0

[Event "Mosquera op"]
[Site "Mosquera"]
[Date "2014.11.02"]
[Round "6"]
[White "Romero Martinez, Filadelfo"]
[Black "Herrera Perez, Martin Steven"]
[Result "1-0"]
[WhiteElo "2120"]
[BlackElo "2017"]
[PlyCount "81"]
[EventDate "2014.10.30"]
[EventType "swiss"]
[EventRounds "9"]
[EventCountry "COL"]
[SourceTitle "EXT 2015"]
[Source "ChessBase"]
[SourceDate "2014.11.20"]
[SourceVersion "1"]
[SourceVersionDate "2014.11.20"]
[SourceQuality "1"]

1. d4 Nf6 2. Nf3 e6 3. Bg5 h6 4. Bh4 Be7 5. e3 b6 6. Bd3 Bb7 7. Nbd2 c5 8. c3 Nc6 9. 0-0 0-0 10. Rc1 d5 11. Re1 Rc8 12. Bb1 Ne4 13. Bxe7 Nxe7 14. Nxe4 dxe4 15. Nd2 f5 16. Qe2 Nd5 17. c4 Nf6 18. dxc5 bxc5 19. Rcd1 Qb6 20. Nb3 e5 21. Qd2 Rfd8 22. Qc3 Rxd1 23. Rxd1 Qe6 24. Qd2 Qxc4 25. Na5 Qb5 26. Nxb7 Qxb7 27. Qd6 Re8 28. Bc2 Qxb2 29. Bb3+ Kh8 30. Qxc5 f4 31. Qxa7 Ng4 32. Rf1 Qe2 33. Qa4 Rf8 34. Bd1 Qd2 35. Bxg4 fxe3 36. Qd1 exf2+ 37. Kh1 Qxd1 38. Bxd1 Rd8 39. g3 Rxd1 40. Rxd1 e3 41. Rd8+ 1-0

[Event "Bucaramanga Udi Cup"]
[Site "Bucaramanga"]
[Date "2014.10.16"]
[Round "2"]
[White "Rey, Luis Hernando"]
[Black "Herrera Perez, Martin Steven"]
[Result "0-1"]
[WhiteElo "1688"]
[BlackElo "2017"]
[PlyCount "55"]
[EventDate "2014.10.15"]
[EventType "swiss"]
[EventRounds "9"]
[EventCountry "COL"]
[SourceTitle "EXT 2015"]
[Source "ChessBase"]
[SourceDate "2014.11.20"]
[SourceVersion "1"]
[SourceVersionDate "2014.11.20"]
[SourceQuality "1"]

1. e4 c5 2. Nf3 e6 3. d4 cxd4 4. Nxd4 a6 5. Bd3 Qc7 6. 0-0 Nf6 7. Nc3 b5 8. a3 Bb7 9. Qe2 d6 10. Bd2 Nbd7 11. Kh1 Be7 12. f4 h5 13. Rae1 h4 14. Qf3 Nh5 15. Qh3 0-0-0 16. Kg1 g6 17. Qe3 Rde8 18. Nf3 e5 19. fxe5 dxe5 20. Qf2 Ndf6 21. Qe2 Bc5+ 22. Be3 Ng4 23. Nd1 Nf4 24. Qd2 h3 25. g3 Ng2 26. Bxc5 Qxc5+ 27. Kh1 Nxe1 28. Qxe1 0-1

[Event "Medellin Flores op 20th"]
[Site "Medellin"]
[Date "2014.08.10"]
[Round "9"]
[White "Dabraccio, Guillermo"]
[Black "Herrera Perez, Martin Steven"]
[Result "0-1"]
[WhiteElo "1766"]
[BlackElo "2046"]
[PlyCount "94"]
[EventDate "2014.08.06"]
[EventType "swiss"]
[EventRounds "9"]
[EventCountry "COL"]
[SourceTitle "CBM 162 Extra"]
[Source "ChessBase"]
[SourceDate "2014.10.17"]
[SourceVersion "1"]
[SourceVersionDate "2014.10.17"]
[SourceQuality "1"]

1. d4 Nf6 2. Nf3 e6 3. Bf4 b6 4. e3 Bb7 5. Nbd2 c5 6. c3 Nc6 7. Bb5 a6 8. Be2 Be7 9. h3 d5 10. 0-0 0-0 11. a3 Re8 12. b4 c4 13. a4 b5 14. axb5 axb5 15. Rxa8 Bxa8 16. Qc2 Bf8 17. Ra1 Nd7 18. Qa2 Bb7 19. Qc2 f6 20. Bg3 e5 21. dxe5 fxe5 22. Qf5 g6 23. Qg5 Qxg5 24. Nxg5 h6 25. Ngf3 d4 26. Nxc4 bxc4 27. Bxc4+ Kg7 28. b5 Nd8 29. cxd4 Bxf3 30. gxf3 Bd6 31. Ra7 Re7 32. Bxe5+ Nxe5 33. Rxe7+ Bxe7 34. dxe5 Bc5 35. Bd5 Nf7 36. f4 Nd8 37. Kg2 Kf8 38. h4 Ke7 39. Be4 Kf7 40. Kf3 Ne6 41. Bd5 Ke7 42. Ke4 Ng7 43. f3 Nf5 44. Kd3 Bxe3 45. Be4 Bxf4 46. Bxf5 gxf5 47. Kd4 Ke6 0-1

[Event "Medellin Flores op 20th"]
[Site "Medellin"]
[Date "2014.08.07"]
[Round "3"]
[White "Herrera Perez, Martin Steven"]
[Black "Velez Alvarez, Laura Camila"]
[Result "1-0"]
[WhiteElo "2046"]
[BlackElo "1830"]
[PlyCount "45"]
[EventDate "2014.08.06"]
[EventType "swiss"]
[EventRounds "9"]
[EventCountry "COL"]
[SourceTitle "CBM 162 Extra"]
[Source "ChessBase"]
[SourceDate "2014.10.17"]
[SourceVersion "1"]
[SourceVersionDate "2014.10.17"]
[SourceQuality "1"]

1. e4 c6 2. d4 d5 3. Nd2 dxe4 4. Nxe4 Nd7 5. Bc4 e6 6. Ne2 Ngf6 7. Ng5 h6 8. Nf3 Bd6 9. Bf4 Qc7 10. Qd2 Bxf4 11. Nxf4 0-0 12. 0-0 b6 13. Rfe1 Re8 14. Ne5 Nxe5 15. dxe5 Nd5 16. Nh5 Ne7 17. Qf4 Ng6 18. Qg3 Qe7 19. Bd3 Kh7 20. Nf4 Qg5 21. Qxg5 hxg5 22. Bxg6+ fxg6 23. Ne2 1-0

[Event "Medellin Flores op 20th"]
[Site "Medellin"]
[Date "2014.08.06"]
[Round "1"]
[White "Herrera Perez, Martin Steven"]
[Black "Vittorino, Carlo Giovanni"]
[Result "0-1"]
[WhiteElo "2046"]
[BlackElo "2277"]
[PlyCount "120"]
[EventDate "2014.08.06"]
[EventType "swiss"]
[EventRounds "9"]
[EventCountry "COL"]
[SourceTitle "CBM 162 Extra"]
[Source "ChessBase"]
[SourceDate "2014.10.17"]
[SourceVersion "1"]
[SourceVersionDate "2014.10.17"]
[SourceQuality "1"]

1. e4 c5 2. Nf3 d6 3. d4 cxd4 4. Nxd4 Nf6 5. Nc3 g6 6. Be3 Bg7 7. f3 a6 8. Qd2 Nbd7 9. Bc4 b5 10. Bb3 Bb7 11. Bh6 Bxh6 12. Qxh6 Rc8 13. Rd1 Qb6 14. Qg7 Rf8 15. Qh6 Ne5 16. 0-0 Nc6 17. Qe3 e5 18. Nf5 Qxe3+ 19. Nxe3 Nd4 20. Rd2 Ke7 21. Rfd1 Rfd8 22. Ncd5+ Nxd5 23. Bxd5 Bxd5 24. Nxd5+ Ke6 25. c3 Nc6 26. Kf2 f5 27. Ke3 Na5 28. b3 Nc6 29. Rd3 a5 30. Nb6 Rb8 31. Nd5 Rb7 32. R3d2 Rdd7 33. Rc1 f4+ 34. Kd3 g5 35. h3 h5 36. Rdd1 Rh7 37. Rh1 Rh8 38. c4 bxc4+ 39. Rxc4 Nb4+ 40. Nxb4 axb4 41. Kc2 Rb6 42. Kb1 Rd8 43. Rd1 g4 44. hxg4 hxg4 45. Rc2 d5 46. Rxd5 Rxd5 47. exd5+ Kxd5 48. Rd2+ Ke6 49. Kb2 Rd6 50. Re2 Rd3 51. fxg4 Kd5 52. a3 bxa3+ 53. Kxa3 e4 54. g5 Rg3 55. Ka4 e3 56. b4 Rxg5 57. b5 Kd4 58. b6 Kd3 59. b7 Rg8 60. Rb2 e2 0-1

[Event "COL-ch sf"]
[Site "Medellin"]
[Date "2014.??.??"]
[Round "8"]
[White "Herrera Perez, Martin Steven"]
[Black "Rojas Barrero, Andres Humberto"]
[Result "1/2-1/2"]
[WhiteElo "2045"]
[BlackElo "2187"]
[PlyCount "46"]
[EventDate "2014.04.15"]
[EventType "swiss"]
[EventRounds "11"]
[EventCountry "COL"]
[SourceTitle "CBM 160 Extra"]
[Source "ChessBase"]
[SourceDate "2014.07.01"]
[SourceVersion "1"]
[SourceVersionDate "2014.07.01"]
[SourceQuality "1"]

1. e4 e5 2. Nf3 Nc6 3. Bb5 f5 4. d3 fxe4 5. dxe4 Nf6 6. Qe2 Bc5 7. 0-0 d6 8. h3 0-0 9. Bg5 Qe8 10. Bxf6 Rxf6 11. Bxc6 bxc6 12. Nbd2 Qh5 13. Kh2 Be6 14. Rg1 Rh6 15. Qf1 Rf8 16. Re1 Bxf2 17. Qxf2 Bxh3 18. Qh4 Qe8 19. Qxh6 gxh6 20. gxh3+ Kh8 21. Rg3 Qb8 22. b3 Qb4 23. c4 Qa3 1/2-1/2

[Event "COL-ch sf"]
[Site "Medellin"]
[Date "2014.??.??"]
[Round "11"]
[White "Martinez Arroyo, Luis Alberto"]
[Black "Herrera Perez, Martin Steven"]
[Result "0-1"]
[WhiteElo "1866"]
[BlackElo "2045"]
[PlyCount "68"]
[EventDate "2014.04.15"]
[EventType "swiss"]
[EventRounds "11"]
[EventCountry "COL"]
[SourceTitle "CBM 160 Extra"]
[Source "ChessBase"]
[SourceDate "2014.07.01"]
[SourceVersion "1"]
[SourceVersionDate "2014.07.01"]
[SourceQuality "1"]

1. e4 c5 2. Nc3 e6 3. g3 Nc6 4. Bg2 g6 5. Nge2 Bg7 6. 0-0 Nge7 7. d3 0-0 8. f4 d6 9. Be3 Nd4 10. g4 f5 11. exf5 gxf5 12. g5 Ng6 13. Ng3 Rb8 14. a4 a6 15. a5 Nc6 16. Bxc6 bxc6 17. Nh5 Bh8 18. d4 cxd4 19. Bxd4 e5 20. Be3 exf4 21. Nxf4 Qxg5+ 22. Kh1 Qe7 23. Qd3 Bb7 24. Rae1 Bxc3 25. bxc3 c5+ 26. Nd5 c4 27. Qxc4 Qe6 28. Rd1 Ne7 29. Ba7 Bxd5+ 30. Qxd5 Qxd5+ 31. Rxd5 Nxd5 32. Bxb8 Rxb8 33. Rxf5 Rb1+ 34. Kg2 Ne3+ 0-1

[Event "Central America-ch U18 4th"]
[Site "Armenia"]
[Date "2013.11.05"]
[Round "2"]
[White "Herrera Perez, Martin Steven"]
[Black "Blandon, Luis Guillermo"]
[Result "1/2-1/2"]
[WhiteElo "1956"]
[BlackElo "2152"]
[PlyCount "107"]
[EventDate "2013.11.05"]
[EventType "swiss"]
[EventRounds "6"]
[EventCountry "COL"]
[SourceTitle "EXT 2016"]
[Source "ChessBase"]
[SourceDate "2015.10.08"]
[SourceVersion "1"]
[SourceVersionDate "2015.10.08"]
[SourceQuality "1"]

1. e4 c5 2. Nf3 d6 3. d4 cxd4 4. Nxd4 Nf6 5. Bd3 Nc6 6. Nxc6 bxc6 7. Qe2 g6 8. b3 Bg7 9. Bb2 0-0 10. 0-0 a5 11. a4 Qb6 12. Na3 Ba6 13. Bxa6 Rxa6 14. Rad1 Ra7 15. Kh1 Rd8 16. Bd4 c5 17. Bc3 Qc6 18. f3 e6 19. Qb5 Qa8 20. Qe2 d5 21. Nb5 Rb7 22. e5 Nd7 23. Qe1 Rf8 24. f4 g5 25. f5 exf5 26. Rxd5 Rxb5 27. Rxd7 Qc8 28. Qd2 Rb6 29. Rd1 h6 30. Qd3 Re6 31. Qxf5 c4 32. Qh3 cxb3 33. cxb3 Qc5 34. R7d5 Qc7 35. Bxa5 Qc2 36. Qd3 Qf2 37. Bb4 Rfe8 38. Bd6 Bxe5 39. Bxe5 Rxe5 40. Rxe5 Rxe5 41. h3 Re1+ 42. Rxe1 Qxe1+ 43. Kh2 Qe5+ 44. Qg3 Qc5 45. h4 f6 46. hxg5 hxg5 47. Qb8+ Kg7 48. Qb7+ Kg6 49. Qb8 g4 50. b4 Qc2 51. a5 Qf2 52. a6 Qh4+ 53. Kg1 Qe1+ 54. Kh2 1/2-1/2

[Event "Central America-ch U18 4th"]
[Site "Armenia"]
[Date "2013.11.05"]
[Round "5"]
[White "Herrera Perez, Martin Steven"]
[Black "Jimenez Garcia, Emanuel"]
[Result "0-1"]
[WhiteElo "1956"]
[BlackElo "2064"]
[PlyCount "90"]
[EventDate "2013.11.05"]
[EventType "swiss"]
[EventRounds "6"]
[EventCountry "COL"]
[SourceTitle "EXT 2016"]
[Source "ChessBase"]
[SourceDate "2015.10.08"]
[SourceVersion "1"]
[SourceVersionDate "2015.10.08"]
[SourceQuality "1"]

1. e4 c5 2. Nf3 d6 3. d4 cxd4 4. Nxd4 Nf6 5. Nc3 a6 6. Bg5 e6 7. f4 Qb6 8. Nb3 Nbd7 9. Qf3 Be7 10. 0-0-0 Qc7 11. g4 b5 12. Bxf6 gxf6 13. a3 Bb7 14. Kb1 Nb6 15. Na5 Rc8 16. Nxb7 Qxb7 17. f5 Nc4 18. Bxc4 bxc4 19. Ka2 Rb8 20. Rb1 Qc6 21. Rhd1 Rb7 22. h4 h6 23. Qe2 0-0 24. Qf3 Qc5 25. Rg1 Rfb8 26. Na4 Qe5 27. Qc3 Qxc3 28. Nxc3 Rd8 29. Rbd1 Rbd7 30. Rg2 d5 31. exd5 exd5 32. Rgd2 d4 33. Ne2 Bc5 34. b3 d3 35. cxd3 Be3 36. Rb2 Rxd3 37. Rf1 cxb3+ 38. Ka1 a5 39. a4 Rb8 40. Nf4 Rd4 41. Ne2 Rxa4+ 42. Kb1 Rab4 43. Rf3 Bc5 44. Rc3 Bd6 45. Nd4 Rxd4 0-1

[Event "Central America-chT U18 4th"]
[Site "Armenia"]
[Date "2013.11.03"]
[Round "4"]
[White "Gutierrez Suarez, Marcos Antonio"]
[Black "Herrera Perez, Martin Steven"]
[Result "0-1"]
[WhiteElo "1728"]
[BlackElo "2045"]
[PlyCount "73"]
[EventDate "2013.11.02"]
[EventType "team"]
[EventRounds "7"]
[EventCountry "COL"]
[SourceTitle "EXT 2016"]
[Source "ChessBase"]
[SourceDate "2015.10.08"]
[SourceVersion "1"]
[SourceVersionDate "2015.10.08"]
[SourceQuality "1"]
[WhiteTeam "Guatemala"]
[BlackTeam "Colombia"]
[WhiteTeamCountry "GUA"]
[BlackTeamCountry "COL"]

1. d4 Nf6 2. c4 e6 3. Nf3 b6 4. g3 Bb7 5. Bg2 Bb4+ 6. Nbd2 0-0 7. 0-0 d5 8. cxd5 Bxd5 9. a3 Be7 10. Qc2 Nbd7 11. e4 Bb7 12. b4 c5 13. bxc5 bxc5 14. Rb1 Qc7 15. Bb2 Rac8 16. Rfc1 Qb8 17. d5 exd5 18. Bxf6 Nxf6 19. e5 Nd7 20. Qf5 Nb6 21. a4 Nxa4 22. Qd7 Nb6 23. Qxe7 Rfe8 24. Qh4 c4 25. Qd4 Qc7 26. Rc3 Bc6 27. Rbc1 Ba8 28. Nb1 Na4 29. Re3 Nc5 30. Nc3 Nb3 31. Qd1 Nxc1 32. Qxc1 d4 33. Nxd4 Bxg2 34. Kxg2 Rxe5 35. Ne4 Qe7 36. Qc2 f5 37. Nc6 0-1

[Event "Central America-chT U18 4th"]
[Site "Armenia"]
[Date "2013.11.02"]
[Round "1"]
[White "Herrera Perez, Martin Steven"]
[Black "Tapia Ostolaza, Alexei"]
[Result "1/2-1/2"]
[WhiteElo "2045"]
[BlackElo "1926"]
[PlyCount "157"]
[EventDate "2013.11.02"]
[EventType "team"]
[EventRounds "7"]
[EventCountry "COL"]
[SourceTitle "EXT 2016"]
[Source "ChessBase"]
[SourceDate "2015.10.08"]
[SourceVersion "1"]
[SourceVersionDate "2015.10.08"]
[SourceQuality "1"]
[WhiteTeam "Colombia"]
[BlackTeam "Panama"]
[WhiteTeamCountry "COL"]
[BlackTeamCountry "PAN"]

1. e4 c6 2. d4 d5 3. Nd2 dxe4 4. Nxe4 Nf6 5. Ng3 e5 6. dxe5 Qxd1+ 7. Kxd1 Ng4 8. Ke1 Nxe5 9. f4 Ng4 10. h3 Nf6 11. Kf2 h5 12. Bd3 Nbd7 13. Nf3 Bc5+ 14. Kf1 Bb6 15. Bd2 0-0 16. c4 Nc5 17. Bc2 Ne6 18. Ne2 Nc5 19. Nc3 Be6 20. b3 g6 21. Be1 Rad8 22. Ne5 Ncd7 23. Nf3 Nc5 24. Bf2 Nd3 25. Bxb6 axb6 26. g3 Bf5 27. Rh2 Rfe8 28. Nh4 Ne4 29. Nxe4 Bxe4 30. Re2 Rd7 31. Rd1 Kf8 32. Rxe4 Rxe4 33. Rxd3 Rxd3 34. Bxd3 Re3 35. Be2 Rxg3 36. Nf3 h4 37. Nxh4 Rxh3 38. Nf3 Rh1+ 39. Kf2 Ra1 40. Ne5 Rxa2 41. Nd7+ Ke7 42. Nxb6 Rb2 43. Na4 Rxb3 44. Nc5 Rb2 45. Ke3 b5 46. Nd3 Rb3 47. cxb5 cxb5 48. Ke4 Rc3 49. Nb4 Rb3 50. Nd5+ Kd6 51. Ne3 Rb4+ 52. Kf3 Kc5 53. f5 Rb3 54. Ke4 gxf5+ 55. Nxf5 b4 56. Bh5 f6 57. Ne3 Rc3 58. Nd1 Rc4+ 59. Kd3 Rd4+ 60. Kc2 Rh4 61. Bg6 Rg4 62. Bd3 Kd4 63. Bh7 Rg3 64. Kc1 b3 65. Kb2 Kc4 66. Bf5 Kb4 67. Bh7 Rg2+ 68. Kc1 Ka3 69. Bd3 Rg1 70. Kd2 b2 71. Nc3 Rg2+ 72. Ke3 Kb3 73. Ne4 f5 74. Nd2+ Kc3 75. Nb1+ Kb3 76. Bxf5 Rg3+ 77. Kf2 Rc3 78. Nxc3 Kxc3 79. Bb1 1/2-1/2

[Event "Bogota IRT Categoria B U17"]
[Site "Bogota"]
[Date "2013.10.22"]
[Round "1.4"]
[White "Solano, James Paul"]
[Black "Herrera Perez, Martin Steven"]
[Result "0-1"]
[WhiteElo "1618"]
[BlackElo "2044"]
[PlyCount "54"]
[EventDate "2013.10.22"]
[EventType "swiss"]
[EventRounds "5"]
[EventCountry "COL"]
[SourceTitle "EXT 2024"]
[Source "ChessBase"]
[SourceDate "2023.10.10"]
[SourceVersion "1"]
[SourceVersionDate "2023.10.10"]
[SourceQuality "1"]

1. c4 c5 2. Nf3 e6 3. Nc3 a6 4. g3 b6 5. Bg2 Bb7 6. 0-0 Nf6 7. d3 Qc7 8. Qc2 Nc6 9. e3 Rc8 10. a3 Be7 11. Re1 0-0 12. d4 cxd4 13. exd4 Na5 14. b3 d5 15. Bf4 Qd8 16. Ne5 dxc4 17. Bxb7 Nxb7 18. Nxc4 b5 19. Ne3 Qxd4 20. Rac1 Bxa3 21. Red1 Qb4 22. Ra1 Rxc3 23. Qa2 Qxb3 24. Qxb3 Rxb3 25. Nc2 b4 26. Nd4 Rc3 27. Bd2 Rc4 0-1